[Event "Mondariz op U2300 9th"]
[Site "Mondariz"]
[Date "2012.04.02"]
[Round "3"]
[White "Blanco Dans, Manuel"]
[Black "Picazo Gonzalez, Alejandro"]
[Result "0-1"]
[WhiteElo "1797"]
[BlackElo "1968"]
[PlyCount "93"]
[EventDate "2012.03.31"]
[EventType "swiss"]
[EventRounds "8"]
[EventCountry "ESP"]
[SourceTitle "CBM 147 Extra"]
[Source "ChessBase"]
[SourceDate "2012.04.24"]
[SourceVersion "1"]
[SourceVersionDate "2012.04.24"]
[SourceQuality "1"]

1. e4 e5 2. Nf3 Nc6 3. c3 Nf6 4. d4 exd4 5. e5 Qe7 6. cxd4 d6 7. Bb5 Bd7 8. O-O
dxe5 9. Bxc6 Bxc6 10. Nxe5 Bd5 11. Re1 Be6 12. Nc3 O-O-O 13. Qa4 a6 14. a3 Qd6
15. Be3 Nd5 16. Rac1 Qb6 17. Nc4 Qc6 18. Qxc6 bxc6 19. Ne5 c5 20. Nxd5 Rxd5 21.
Nf3 cxd4 22. Bxd4 Bd6 23. Rc6 Kb7 24. Rec1 Rd8 25. Kf1 Bf5 26. R6c3 Be4 27.
Bxg7 Rg8 28. Bf6 Rf5 29. Bh4 Bxf3 30. Rxf3 Rxf3 31. gxf3 Bxh2 32. Rc4 Rg1+ 33.
Ke2 Bd6 34. Bf6 Rg6 35. Bh4 Kb6 36. a4 Be5 37. b4 Bd6 38. Ke3 Rg1 39. Bf6 Rb1
40. Bd4+ Kb7 41. Bc3 Rb3 42. Ke4 Rb1 43. Kf5 Rh1 44. Kg4 h5+ 45. Kg5 h4 46. Kh5
h3 47. Rg4 0-1

[Event "corr freechess 2012"]
[Site "freechess.de"]
[Date "2012.04.01"]
[Round "?"]
[White "Beneke, Stefan"]
[Black "Goettge, Markus"]
[Result "1-0"]
[WhiteElo "1531"]
[BlackElo "1398"]
[PlyCount "95"]
[EventDate "2012.??.??"]
[EventType "tourn (corr)"]
[SourceTitle "OM Corr 202003"]
[Source "Opening Master"]
[SourceDate "2019.05.30"]
[SourceVersion "2"]
[SourceVersionDate "2019.05.30"]
[SourceQuality "1"]

1. e4 e5 2. Nf3 Nc6 3. c3 Nf6 4. d3 Be7 5. h3 O-O 6. Bg5 h6 7. Bh4 g5 8. Bg3 d6
9. Nh2 Nh7 10. Qh5 Kg7 11. Ng4 Bxg4 12. hxg4 Rh8 13. Qxh6+ Kg8 14. Qh2 Bf6 15.
Qg1 Nf8 16. Rxh8+ Bxh8 17. Nd2 Ng6 18. O-O-O Qd7 19. f3 Nf4 20. Bxf4 exf4 21.
Nb3 a5 22. a3 a4 23. Na1 d5 24. d4 dxe4 25. fxe4 Qxg4 26. Rd3 Na5 27. Rf3 c6
28. Bd3 Nb3+ 29. Nxb3 axb3 30. Bc4 b5 31. Bxb3 Bf6 32. e5 Be7 33. Qh2 Kg7 34.
Rh3 Qf5 35. Bc2 Qxh3 36. Qxh3 Rh8 37. Qf5 Rh1+ 38. Kd2 Rh2 39. Be4 c5 40. e6
Bf6 41. exf7 Kxf7 42. Qd5+ Kg7 43. Qd7+ Kf8 44. Bg6 Rxg2+ 45. Ke1 Be7 46. Qf5+
Kg7 47. Qf7+ Kh6 48. Qh7# 1-0

[Event "Morbihan-ch 1112"]
[Site "Morbihan"]
[Date "2012.03.31"]
[Round "7.6"]
[White "Cheneau, Lionel"]
[Black "Pascot, Jean"]
[Result "0-1"]
[WhiteElo "1360"]
[BlackElo "1866"]
[PlyCount "71"]
[EventDate "2011.10.08"]
[EventType "swiss"]
[EventRounds "7"]
[EventCountry "FRA"]
[SourceTitle "EXT 2014"]
[Source "ChessBase"]
[SourceDate "2013.11.20"]
[SourceVersion "1"]
[SourceVersionDate "2013.11.20"]
[SourceQuality "1"]

1. e4 e5 2. Nf3 Nc6 3. c3 g6 4. Bb5 Bg7 5. Bc4 Na5 6. Na3 Nxc4 7. Nxc4 d6 8.
Qa4+ Bd7 9. Qb3 b5 10. Ne3 Nf6 11. Ng5 O-O 12. d3 a5 13. Qd1 c6 14. h3 Nh5 15.
Nf3 Nf4 16. O-O g5 17. Nf5 Bxf5 18. exf5 Qf6 19. Bxf4 gxf4 20. d4 e4 21. Nd2
Qxf5 22. Re1 d5 23. Qc2 Qg5 24. f3 f5 25. Re2 Rf6 26. Kf1 Qg3 27. fxe4 fxe4 28.
Nxe4 dxe4 29. Qxe4 f3 30. gxf3 Rxf3+ 31. Qxf3 Qxf3+ 32. Rf2 Qxh3+ 33. Rg2 Rf8+
34. Kg1 Qe3+ 35. Kh1 Rf6 36. Rf1 0-1

[Event "COL-ch U16 Norte"]
[Site "Valledupar"]
[Date "2012.03.30"]
[Round "3"]
[White "Perez Olivar, Santander Emilio"]
[Black "Barros Ochoa, Alfredo Ivan"]
[Result "1-0"]
[WhiteElo "1548"]
[BlackElo "1662"]
[PlyCount "133"]
[EventDate "2012.03.29"]
[EventType "swiss"]
[EventRounds "7"]
[EventCountry "COL"]
[SourceTitle "EXT 2013"]
[Source "ChessBase"]
[SourceDate "2012.11.22"]
[SourceVersion "1"]
[SourceVersionDate "2012.11.22"]
[SourceQuality "1"]

1. e4 e5 2. Nf3 Nc6 3. c3 Nf6 4. Qc2 Bc5 5. Bc4 d5 6. Bb5 Bd7 7. exd5 Nxd5 8.
Bxc6 Bxc6 9. d4 exd4 10. cxd4 Qe7+ 11. Kd1 Nb4 12. Qxc5 Qxc5 13. dxc5 Rd8+ 14.
Bd2 O-O 15. Ne1 Be4 16. Nc3 Bg6 17. Kc1 c6 18. a3 Nd5 19. Nxd5 Rxd5 20. b4 h6
21. Nf3 Rfd8 22. Re1 Bh5 23. Re5 Bxf3 24. Rxd5 Bxd5 25. f3 Re8 26. Kc2 Re2 27.
Rg1 b6 28. Kd3 Re7 29. Re1 Rd7 30. Kc3 bxc5 31. bxc5 Rb7 32. Kd4 Rb3 33. Bb4 a5
34. Bxa5 Rxa3 35. Bc3 Ra4+ 36. Ke5 Ra2 37. Rg1 Rc2 38. Bd4 Re2+ 39. Kf4 Rc2 40.
h4 Rc4 41. Rd1 Ra4 42. g4 f6 43. Rd3 g5+ 44. hxg5 hxg5+ 45. Kf5 Bxf3 46. Rxf3
Rxd4 47. Kg6 Rxg4 48. Rxf6 Rf4 49. Kxg5 Re4 50. Rxc6 Re5+ 51. Kg6 Re8 52. Rd6
Kf8 53. Kf6 Rc8 54. c6 Ke8 55. Ke6 Kf8 56. Kd7 Ra8 57. c7 Ra7 58. Kd8 Ra8+ 59.
c8=Q Rxc8+ 60. Kxc8 Ke7 61. Kc7 Kf7 62. Kd7 Kf8 63. Rf6+ Kg8 64. Ke7 Kh8 65.
Kf7 Kh7 66. Rg6 Kh8 67. Rh6# 1-0

[Event "EU-ch 13th"]
[Site "Plovdiv"]
[Date "2012.03.29"]
[Round "9"]
[White "Najer, Evgeniy"]
[Black "Sargissian, Gabriel"]
[Result "1/2-1/2"]
[WhiteElo "2640"]
[BlackElo "2674"]
[PlyCount "70"]
[EventDate "2012.03.20"]
[EventType "swiss"]
[EventRounds "11"]
[EventCountry "BUL"]
[SourceTitle "CBM 148"]
[Source "ChessBase"]
[SourceDate "2012.05.16"]
[SourceVersion "1"]
[SourceVersionDate "2012.05.16"]
[SourceQuality "1"]

1. e4 e5 2. Nf3 Nc6 3. c3 Nf6 4. d4 Nxe4 5. d5 Nb8 6. Bd3 Nc5 7. Nxe5 Nxd3+ 8.
Nxd3 d6 9. O-O Be7 10. Re1 O-O 11. Qf3 Re8 12. Nd2 Nd7 13. b3 b5 14. a4 Bf6 15.
Ne4 Bb7 16. Nxf6+ Nxf6 17. Bg5 Rxe1+ 18. Rxe1 bxa4 19. bxa4 h6 20. Bxf6 Qxf6
21. Qxf6 gxf6 22. Nf4 a5 23. f3 Kf8 24. Kf2 f5 25. Rb1 Bc8 26. Ke3 Bd7 27. Ra1
Rb8 28. Nd3 Ke7 29. Kd4 c5+ 30. dxc6 Bxc6 31. h4 Rb7 32. Re1+ Kd7 33. Ra1 Ke7
34. Re1+ Kd7 35. Ra1 Ke7 1/2-1/2

[Event "corr freechess 2012"]
[Site "freechess.de"]
[Date "2012.03.29"]
[Round "?"]
[White "Fant, Serge"]
[Black "Boetzer, Frank"]
[Result "0-1"]
[WhiteElo "1427"]
[BlackElo "1378"]
[PlyCount "92"]
[EventDate "2012.??.??"]
[EventType "tourn (corr)"]
[SourceTitle "OM Corr 202003"]
[Source "Opening Master"]
[SourceDate "2019.05.30"]
[SourceVersion "2"]
[SourceVersionDate "2019.05.30"]
[SourceQuality "1"]

1. e4 e5 2. Nf3 Nc6 3. c3 Nf6 4. Bc4 h6 5. d3 d6 6. Qe2 Bg4 7. Nbd2 a6 8. b4 b5
9. Bb3 a5 10. bxa5 Nxa5 11. h3 Bh5 12. d4 Nxb3 13. Nxb3 Bg6 14. d5 Be7 15.
Qxb5+ Nd7 16. Nbd2 O-O 17. O-O Rb8 18. Qd3 Nc5 19. Qc2 Bh5 20. Ba3 Nd7 21. Bb4
Bg5 22. a4 Qf6 23. a5 Bxd2 24. Qxd2 Bxf3 25. gxf3 Qg6+ 26. Kh2 Nf6 27. Rg1 Qh5
28. Rg3 Nh7 29. Rag1 Ng5 30. f4 exf4 31. Qxf4 Rbe8 32. f3 f6 33. c4 Re5 34. c5
Rb8 35. Bc3 Re7 36. cxd6 cxd6 37. Qxd6 Ree8 38. Bd2 Rb2 39. R1g2 Nxf3+ 40. Kh1
Rb1+ 41. Rg1 Nxg1 42. Kh2 Nf3+ 43. Kg2 Nxd2 44. Qf4 Qe2+ 45. Qf2 Qxf2+ 46. Kxf2
Nxe4+ 0-1

[Event "Wellington CC Summer Cup"]
[Site "Wellington"]
[Date "2012.03.27"]
[Round "7"]
[White "Nijman, Brian"]
[Black "Wastney, Scott C"]
[Result "0-1"]
[WhiteElo "2199"]
[BlackElo "2372"]
[PlyCount "88"]
[EventDate "2012.02.07"]
[EventType "swiss"]
[EventRounds "8"]
[EventCountry "NZL"]
[SourceTitle "OM OTB B 201907"]
[Source "Opening Master"]
[SourceDate "2019.07.06"]
[SourceVersion "2"]
[SourceVersionDate "2019.07.06"]
[SourceQuality "1"]

1. e4 e5 2. Nf3 Nc6 3. c3 Nf6 4. d4 Nxe4 5. d5 Ne7 6. Nxe5 Ng6 7. Nxg6 hxg6 8.
Bd3 Nf6 9. O-O Be7 10. c4 d6 11. Re1 O-O 12. Nc3 Re8 13. h3 Bd7 14. Bf4 Nh5 15.
Bh2 Bg5 16. Qf3 Qf6 17. Qxf6 Bxf6 18. c5 Be5 19. cxd6 cxd6 20. Bxe5 dxe5 21.
Nb5 e4 22. Bf1 Bxb5 23. Bxb5 Re5 24. Rad1 Rd8 25. Bc4 Rd6 26. Rd4 f5 27. g3 Kf8
28. Rc1 Re7 29. Bb3 Nf6 30. Rdc4 Kf7 31. Rc7 Ne8 32. Rc8 Red7 33. Ba4 Rd8 34.
R8c5 Kf6 35. Bxe8 Rxe8 36. R1c3 Red8 37. a4 Rxd5 38. Rxd5 Rxd5 39. Rc7 Rd1+ 40.
Kg2 Rd2 41. Rxb7 e3 42. Rb3 Rxf2+ 43. Kg1 Rf3 44. Rb8 e2 0-1

[Event "FICS rated standard game"]
[Site "FICS freechess.org"]
[Date "2012.03.27"]
[Round "?"]
[White "RxR"]
[Black "jcfsousa"]
[Result "1-0"]
[WhiteElo "2252"]
[BlackElo "2118"]
[PlyCount "123"]
[EventDate "2012.??.??"]
[SourceTitle "OM Portal C 201906"]
[Source "Opening Master"]
[SourceDate "2019.06.27"]
[SourceVersion "1"]
[SourceVersionDate "2019.06.27"]
[SourceQuality "1"]

1. e4 e5 2. Nf3 Nc6 3. c3 d5 4. Qa4 Bd7 5. exd5 Nd4 6. Qd1 Nxf3+ 7. Qxf3 Nf6 8.
Bc4 e4 9. Qe2 Bd6 10. d4 h6 11. O-O O-O 12. h3 Re8 13. Be3 Qc8 14. Nd2 Bxh3 15.
gxh3 Qxh3 16. f3 exf3 17. Rxf3 Qh5 18. Qg2 Ng4 19. Bf4 Re7 20. Bxd6 cxd6 21.
Rh3 Qg5 22. Rg3 h5 23. Ne4 Qf4 24. Bd3 Rae8 25. Rf1 Qh6 26. Rxg4 hxg4 27. Qxg4
Rxe4 28. Bxe4 Qe3+ 29. Kg2 Rxe4 30. Qf5 Qe2+ 31. Rf2 Qg4+ 32. Qxg4 Rxg4+ 33.
Kf3 Rh4 34. Ke3 Kf8 35. c4 Rh3+ 36. Ke4 Rh4+ 37. Ke3 Rh3+ 38. Ke4 Ke7 39. c5 f6
40. Kf5 Rh5+ 41. Ke4 Rh4+ 42. Kd3 dxc5 43. dxc5 Rh5 44. Kc4 Rh4+ 45. Kb5 Rd4
46. Re2+ Kd7 47. d6 a6+ 48. Kb6 Rb4+ 49. Ka7 Rb5 50. Re7+ Kd8 51. Rxg7 Rxc5 52.
Rxb7 f5 53. Rf7 Ra5 54. a3 Rb5 55. b4 a5 56. Ka6 Rd5 57. b5 a4 58. b6 Rxd6 59.
Rxf5 Kd7 60. Rf7+ Kc6 61. Rc7+ Kd5 62. Ka7 1-0

[Event "CZE-chT2D 1112"]
[Site "Czechia"]
[Date "2012.03.25"]
[Round "10"]
[White "Petuchov, Sergej"]
[Black "Daniel, Jiri"]
[Result "1/2-1/2"]
[WhiteElo "2145"]
[BlackElo "1975"]
[PlyCount "36"]
[EventDate "2011.10.09"]
[EventType "team-tourn"]
[EventRounds "11"]
[EventCountry "CZE"]
[SourceTitle "EXT 2013"]
[Source "ChessBase"]
[SourceDate "2012.11.22"]
[SourceVersion "1"]
[SourceVersionDate "2012.11.22"]
[SourceQuality "1"]
[WhiteTeam "Pardubice AKIS"]
[BlackTeam "Rychnov nad Kneznou Panda"]
[WhiteTeamCountry "CZE"]
[BlackTeamCountry "CZE"]

1. e4 e5 2. Nf3 Nc6 3. c3 d5 4. Qa4 dxe4 5. Nxe5 Bd7 6. Nxd7 Qxd7 7. Qxe4+ Qe7
8. Qxe7+ Ngxe7 9. d4 O-O-O 10. Be2 Ng6 11. O-O Bd6 12. Nd2 f5 13. Bd3 Nce7 14.
Re1 Rde8 15. g3 c6 16. Nc4 Bc7 17. a4 Rhf8 18. Bd2 f4 1/2-1/2

[Event "Omsk-ch"]
[Site "Omsk"]
[Date "2012.03.25"]
[Round "9"]
[White "Adamson, Konstantin"]
[Black "Savostjanov, Igor"]
[Result "1-0"]
[WhiteElo "2182"]
[BlackElo "2125"]
[PlyCount "39"]
[EventDate "2012.03.15"]
[EventType "swiss"]
[EventRounds "9"]
[EventCountry "RUS"]
[SourceTitle "EXT 2013"]
[Source "ChessBase"]
[SourceDate "2012.11.22"]
[SourceVersion "1"]
[SourceVersionDate "2012.11.22"]
[SourceQuality "1"]

1. e4 e5 2. Nf3 Nc6 3. c3 d5 4. Qa4 dxe4 5. Nxe5 Qd5 6. Nxc6 bxc6 7. Bc4 Qd6 8.
d3 exd3 9. O-O Ne7 10. Rd1 Bf5 11. Qa6 Bc8 12. Qa5 Bf5 13. Be3 Nd5 14. Bd4 c5
15. Re1+ Kd8 16. Bxd5 Qxd5 17. Re5 Qd7 18. Bxc5 Be6 19. Na3 Bd6 20. Re4 1-0

[Event "HUN-chT2 Erkel 1112"]
[Site "Hungary"]
[Date "2012.03.25"]
[Round "8.4"]
[White "Csapo, Zoltan"]
[Black "Kovacs, Zsolt"]
[Result "1/2-1/2"]
[WhiteElo "2113"]
[BlackElo "2076"]
[PlyCount "118"]
[EventDate "2011.09.25"]
[EventType "team-tourn"]
[EventRounds "11"]
[EventCountry "HUN"]
[SourceTitle "EXT 2013"]
[Source "ChessBase"]
[SourceDate "2012.11.22"]
[SourceVersion "1"]
[SourceVersionDate "2012.11.22"]
[SourceQuality "1"]
[WhiteTeam "Vizugy"]
[BlackTeam "Paszto"]
[WhiteTeamCountry "HUN"]
[BlackTeamCountry "HUN"]

1. e4 Nc6 2. Nf3 e5 3. c3 d5 4. Bb5 dxe4 5. Nxe5 Qd5 6. Qa4 Nge7 7. f4 f6 8.
Bc4 Qa5 9. Bf7+ Kd8 10. Nxc6+ Nxc6 11. Qxe4 Bd6 12. O-O Bf5 13. Qf3 Rf8 14. Bd5
Re8 15. d4 Qa6 16. Be3 Qd3 17. Re1 Ne7 18. Bxb7 Rb8 19. Nd2 Qb5 20. Be4 Ng6 21.
a4 Qa5 22. b4 Bxe4 23. Nxe4 Qd5 24. Bd2 Nh4 25. Qf2 Rxe4 26. Qxh4 h6 27. Rxe4
Qxe4 28. Re1 Qf5 29. Qg3 g5 30. Qe3 Kd7 31. Qe4 Qxe4 32. Rxe4 f5 33. Re2 g4 34.
g3 c6 35. Kf2 a5 36. bxa5 Rb3 37. Ke3 Ra3 38. Kd3 Rxa4 39. c4 Bc7 40. Bc3 Ra3
41. Kc2 Ra2+ 42. Bb2 h5 43. h3 h4 44. gxh4 g3 45. Kb3 Rxa5 46. Bc1 Ra1 47. Kb2
Ra8 48. Rg2 Rh8 49. Rxg3 Rxh4 50. Rg7+ Kc8 51. Rf7 Bxf4 52. Bxf4 Rxf4 53. Kb3
c5 54. dxc5 Rh4 55. Rxf5 Rxh3+ 56. Kb4 Kc7 57. Rf7+ Kc6 58. Rf6+ Kc7 59. Kb5
Rb3+ 1/2-1/2

[Event "FICS rated standard game"]
[Site "FICS freechess.org"]
[Date "2012.03.25"]
[Round "?"]
[White "Golodion"]
[Black "donpachi"]
[Result "1-0"]
[WhiteElo "2021"]
[BlackElo "2068"]
[PlyCount "77"]
[EventDate "2012.??.??"]
[SourceTitle "OM Portal C 201906"]
[Source "Opening Master"]
[SourceDate "2019.06.27"]
[SourceVersion "1"]
[SourceVersionDate "2019.06.27"]
[SourceQuality "1"]

1. e4 e5 2. Nf3 Nc6 3. c3 Nf6 4. d4 Nxe4 5. d5 Ne7 6. Nxe5 Ng6 7. Nxg6 hxg6 8.
Bd3 Nc5 9. O-O Qh4 10. h3 d6 11. Re1+ Be7 12. Qe2 Nxd3 13. Qxd3 O-O 14. Qe4
Qxe4 15. Rxe4 Bf6 16. Bf4 Bf5 17. Re1 Rfe8 18. Nd2 g5 19. Bh2 a5 20. Nc4 a4 21.
a3 g6 22. Ne3 Bd7 23. Ng4 Bxg4 24. hxg4 Kg7 25. Kf1 Rh8 26. Kg1 Rh4 27. f3 Rah8
28. Bg3 Rh1+ 29. Kf2 Rxe1 30. Rxe1 Ra8 31. Re4 Ra5 32. Ke2 Rb5 33. Rb4 Rxb4 34.
axb4 Bxc3 35. bxc3 a3 36. Bf2 a2 37. Bd4+ f6 38. c4 Kf7 39. Kd2 1-0

[Event "FICGS__CHESS__CLASS_F__000108"]
[Site "FICGS"]
[Date "2012.03.24"]
[Round "1"]
[White "Martinez, Silvio"]
[Black "Whittaker, Deon"]
[Result "1-0"]
[WhiteElo "1029"]
[BlackElo "1098"]
[PlyCount "73"]
[EventDate "2012.??.??"]

1. e4 e5 2. Nf3 Nc6 3. c3 d5 4. d3 d4 5. cxd4 Bb4+ 6. Bd2 exd4 7. Qa4 Bd7 8.
Be2 f5 9. Bxb4 a6 10. Qb3 Nf6 11. O-O fxe4 12. dxe4 Qc8 13. Bc5 Be6 14. Qd3 Qd7
15. Nxd4 O-O-O 16. e5 Nxe5 17. Qc2 Nc6 18. Nxc6 Qxc6 19. Na3 Bd5 20. f3 Ne4 21.
Bd4 Bc4 22. Bxg7 Bxe2 23. Qxe2 Rhe8 24. fxe4 Rxe4 25. Qf3 Qc5+ 26. Rf2 Qe7 27.
Qh3+ Rd7 28. Qxh7 Re1+ 29. Rxe1 Qxe1+ 30. Rf1 Qe3+ 31. Kh1 b5 32. Nc2 Qe2 33.
Kg1 a5 34. h3 Rd2 35. Ne1 Qe3+ 36. Kh1 Rxb2 37. Bxb2 1-0

[Event "FICGS__CHESS__CLASS_F__000108"]
[Site "FICGS"]
[Date "2012.03.24"]
[Round "1"]
[White "Orden, Jorge"]
[Black "Whittaker, Deon"]
[Result "1-0"]
[WhiteElo "1164"]
[BlackElo "1098"]
[PlyCount "107"]
[EventDate "2012.??.??"]

1. e4 e5 2. Nf3 Nc6 3. c3 d5 4. Qc2 f5 5. exd5 Qxd5 6. Be2 Be7 7. c4 Nb4 8. Qb3
Qc5 9. a3 Nc6 10. Nc3 Be6 11. Qxb7 Rc8 12. Qb5 Qxb5 13. Nxb5 g5 14. d3 g4 15.
Nd2 h5 16. b4 Nf6 17. O-O O-O 18. Bb2 h4 19. Nc3 a6 20. f3 a5 21. Nb3 Ra8 22.
bxa5 Rfb8 23. Nb5 Rc8 24. fxg4 fxg4 25. a4 e4 26. Bxf6 Bd6 27. Nxd6 cxd6 28.
Nd4 Nxd4 29. Bxd4 Rxa5 30. Rfb1 Rca8 31. Rb4 Bd7 32. dxe4 g3 33. h3 Kf7 34. Bf3
Ke6 35. Bg4+ Ke7 36. Bxd7 Kxd7 37. Bf6 Rh5 38. Rb5 Rh6 39. e5 Kc6 40. a5 Rh5
41. Rab1 Ra7 42. Rb6+ Kc5 43. R1b5+ Kxc4 44. Rb4+ Kc5 45. exd6 Rh6 46. R4b5+
Kc4 47. Be7 Re6 48. Rb7 Ra6 49. Kf1 Rexd6 50. Bxd6 Rxd6 51. R5b6 Kc5 52. Rxd6
Kxd6 53. a6 Kc6 54. Rb1 1-0

[Event "FICGS__CHESS__CLASS_F__000108"]
[Site "FICGS"]
[Date "2012.03.24"]
[Round "1"]
[White "Orden, Jorge"]
[Black "Martinez, Silvio"]
[Result "1-0"]
[WhiteElo "1164"]
[BlackElo "1029"]
[PlyCount "61"]
[EventDate "2012.??.??"]

1. e4 e5 2. Nf3 Nc6 3. c3 Nf6 4. Qc2 d5 5. d3 dxe4 6. dxe4 Bc5 7. b4 Bb6 8. a4
O-O 9. a5 Bxa5 10. bxa5 a6 11. Nbd2 Re8 12. Be2 h6 13. O-O Be6 14. h3 Ne7 15.
Nxe5 Nc6 16. Nxc6 bxc6 17. e5 Nd5 18. Bf3 g6 19. Ne4 Kh7 20. Qd2 Rb8 21. Qxh6+
Kg8 22. Ng5 Nxc3 23. Qh7+ Kf8 24. Nxe6+ Rxe6 25. Bg5 f6 26. Bh6+ Ke8 27. Qxg6+
Kd7 28. Rfd1+ Nxd1 29. Rxd1+ Ke7 30. Qg7+ Ke8 31. Qf8# 1-0

[Event "EU-ch 13th"]
[Site "Plovdiv"]
[Date "2012.03.23"]
[Round "4"]
[White "Schroll, Gerhard"]
[Black "Banusz, Tamas"]
[Result "0-1"]
[WhiteElo "2388"]
[BlackElo "2583"]
[PlyCount "120"]
[EventDate "2012.03.20"]
[EventType "swiss"]
[EventRounds "11"]
[EventCountry "BUL"]
[SourceTitle "CBM 148"]
[Source "ChessBase"]
[SourceDate "2012.05.16"]
[SourceVersion "1"]
[SourceVersionDate "2012.05.16"]
[SourceQuality "1"]

1. e4 e5 2. Nf3 Nc6 3. c3 Nf6 4. d4 Nxe4 5. d5 Ne7 6. Nxe5 Ng6 7. Qd4 Qe7 8.
Qxe4 Qxe5 9. Qxe5+ Nxe5 10. Nd2 d6 11. Nc4 Bd7 12. Be3 a6 13. h3 O-O-O 14. f4
Ng6 15. g3 Re8 16. Kf2 Ne7 17. Bg2 Nf5 18. Bd2 Be7 19. Rhe1 h5 20. Ne3 Nh6 21.
Nc2 c5 22. dxc6 bxc6 23. Nd4 Kb7 24. b4 Kc7 25. a4 Bf6 26. Rxe8 Rxe8 27. a5 c5
28. bxc5 dxc5 29. Nb3 Bb5 30. Bf3 c4 31. Nc5 Rd8 32. Ne4 Nf5 33. Ra2 Bc6 34.
Nxf6 Bxf3 35. Kxf3 Rd3+ 36. Kf2 gxf6 37. g4 hxg4 38. hxg4 Nd6 39. Ke2 Kc6 40.
Be1 Nb5 41. Rb2 Rh3 42. Rb4 Kd5 43. Bd2 Rh2+ 44. Ke3 Rg2 45. Rb1 Rxg4 46. Kf3
Rh4 47. Be1 Rh3+ 48. Bg3 Nxc3 49. Rb8 f5 50. Rd8+ Kc6 51. Kg2 Rh6 52. Rc8+ Kd5
53. Rc7 Ne4 54. Be1 Rc6 55. Rxf7 Ke6 56. Rb7 c3 57. Rb1 c2 58. Rc1 Rc4 59. Kf3
Nc5 60. Bd2 Nb3 0-1

[Event "11. Offene Weizer Stadtmeisterschaft "]
[Site "Gasthof Allmer, Wegscheide 7,"]
[Date "2012.03.23"]
[Round "3.8"]
[White "Veigl, Thomas"]
[Black "Hoebarth, Guenter"]
[Result "1/2-1/2"]
[WhiteElo "1889"]
[BlackElo "1976"]
[PlyCount "106"]
[EventDate "2012.03.21"]
[EventRounds "5"]
[EventCountry "AUT"]
[SourceTitle "OM OTB B 201907"]
[Source "Opening Master"]
[SourceDate "2019.07.06"]
[SourceVersion "2"]
[SourceVersionDate "2019.07.06"]
[SourceQuality "1"]

1. e4 e5 2. Nf3 Nc6 3. c3 Nf6 4. d4 exd4 5. e5 Qe7 6. cxd4 d6 7. Bb5 Bd7 8. Qe2
dxe5 9. dxe5 Nd5 10. O-O a6 11. Bc4 Be6 12. Ng5 h6 13. Nxe6 Qxe6 14. Rd1 Rd8
15. Nc3 Nxc3 16. Rxd8+ Nxd8 17. bxc3 Qc6 18. Qd3 Be7 19. Be3 O-O 20. Rb1 b5 21.
Bd5 Qe8 22. Qf5 Ne6 23. Bxe6 fxe6 24. Qxe6+ Qf7 25. Qxf7+ Kxf7 26. Rd1 Ke6 27.
f4 g5 28. g3 gxf4 29. gxf4 Kf5 30. Kf2 Rd8 31. Rxd8 Bxd8 32. Kf3 Be7 33. Ba7 h5
34. h3 Ba3 35. Be3 Be7 36. Ba7 c5 37. Bb8 a5 38. Bc7 a4 39. Bd6 Bxd6 40. exd6
Ke6 41. Ke4 Kxd6 42. f5 b4 43. cxb4 cxb4 44. Kd4 b3 45. axb3 axb3 46. Kc3 Ke5
47. Kxb3 Kxf5 48. Kc4 Kf4 49. Kd4 Kg3 50. Ke3 Kxh3 51. Kf2 Kh2 52. Kf3 h4 53.
Kf2 h3 1/2-1/2

[Event "FICGS__CHESS__RAPID_E__000078"]
[Site "FICGS"]
[Date "2012.03.23"]
[Round "1"]
[White "Orden, Jorge"]
[Black "Bromo, Alexis"]
[Result "1-0"]
[WhiteElo "1164"]
[BlackElo "1188"]
[PlyCount "67"]
[EventDate "2012.??.??"]
[EventType "rapid"]

1. e4 e5 2. Nf3 Nc6 3. c3 Nf6 4. Qc2 d5 5. d3 Bg4 6. Be2 Bc5 7. h3 Bh5 8. b4
Bb6 9. b5 Na5 10. Nxe5 dxe4 11. Bxh5 g6 12. Be2 Qe7 13. Bf4 O-O-O 14. dxe4 Qc5
15. O-O Nh5 16. Bh2 Rhf8 17. Nd3 Qxb5 18. Nb4 Qg5 19. Nd5 Nc6 20. Nxb6+ axb6
21. f4 Qc5+ 22. Kh1 f5 23. e5 g5 24. Bxh5 g4 25. hxg4 fxg4 26. Bxg4+ Kb8 27.
Nd2 Ne7 28. Ne4 Qc6 29. Bf3 Qh6 30. Nf6 Ng6 31. Rad1 Rxd1 32. Rxd1 Nxf4 33.
Nd7+ Ka8 34. Qa4# 1-0

[Event "FICGS__CHESS__RAPID_E__000078"]
[Site "FICGS"]
[Date "2012.03.23"]
[Round "1"]
[White "Orden, Jorge"]
[Black "Dsouza, Stanislaus"]
[Result "1-0"]
[WhiteElo "1164"]
[BlackElo "1184"]
[PlyCount "25"]
[EventDate "2012.??.??"]
[EventType "rapid"]

1. e4 e5 2. Nf3 Nc6 3. c3 d6 4. d4 exd4 5. cxd4 Bd7 6. Nc3 Nb4 7. a3 Nc6 8. Be3
Nf6 9. Bc4 Be7 10. O-O O-O 11. b4 a6 12. h3 h6 13. b5 1-0

[Event "FICS rated standard game"]
[Site "FICS freechess.org"]
[Date "2012.03.23"]
[Round "?"]
[White "malaspina"]
[Black "Lurking"]
[Result "0-1"]
[WhiteElo "2135"]
[BlackElo "2518"]
[PlyCount "113"]
[EventDate "2012.??.??"]
[SourceTitle "OM Portal C 201906"]
[Source "Opening Master"]
[SourceDate "2019.06.27"]
[SourceVersion "1"]
[SourceVersionDate "2019.06.27"]
[SourceQuality "1"]

1. e4 e5 2. Nf3 Nc6 3. c3 Nf6 4. d4 d5 5. Bb5 exd4 6. e5 Ne4 7. Nxd4 Bd7 8. Qb3
a6 9. Qxd5 axb5 10. Qxe4 Nxd4 11. Qxd4 Ra4 12. Qd3 Qe7 13. Qe2 Bc6 14. f3 g6
15. O-O Bg7 16. b3 Ra8 17. f4 O-O 18. Re1 f6 19. Ba3 Rxa3 20. exf6 Qc5+ 21. Qe3
Qxe3+ 22. Rxe3 Raa8 23. fxg7 Rxf4 24. Nd2 Kxg7 25. Re2 h5 26. Rf1 Rxf1+ 27.
Nxf1 Rd8 28. Rd2 Rd5 29. Rxd5 Bxd5 30. Ne3 Be4 31. h4 Bb1 32. a3 Ba2 33. a4
bxa4 34. bxa4 Kf6 35. a5 Ke5 36. Kf2 Ke4 37. Ke2 Be6 38. g3 c5 39. Ng2 Bg4+ 40.
Kf2 Kd3 41. Nf4+ Kxc3 42. Nxg6 c4 43. Ne5 Bf5 44. Ke3 Kb4 45. Nf7 Ka3 46. Ne5
c3 47. Nc4+ Ka2 48. Ke2 Kb1 49. Na3+ Kb2 50. Nc4+ Kc2 51. Ke3 Kd1 52. Kf4 c2
53. Ne3+ Kd2 54. Nxc2 Bxc2 55. g4 hxg4 56. Kxg4 Kc3 57. h5 0-1

[Event "11. Offene Weizer Stadtmeisterschaft "]
[Site "Gasthof Allmer, Wegscheide 7,"]
[Date "2012.03.22"]
[Round "2.4"]
[White "Veigl, Thomas"]
[Black "Posch, Roland"]
[Result "0-1"]
[WhiteElo "1889"]
[BlackElo "2167"]
[PlyCount "82"]
[EventDate "2012.03.21"]
[EventRounds "5"]
[EventCountry "AUT"]
[SourceTitle "OM OTB B 201907"]
[Source "Opening Master"]
[SourceDate "2019.07.06"]
[SourceVersion "2"]
[SourceVersionDate "2019.07.06"]
[SourceQuality "1"]

1. e4 e5 2. Nf3 Nc6 3. c3 Nf6 4. d4 exd4 5. e5 Nd5 6. Qb3 Nb6 7. cxd4 d6 8. Bb5
Bd7 9. O-O dxe5 10. dxe5 a6 11. Be2 Be6 12. Qd1 Qxd1 13. Rxd1 Nb4 14. Nc3 Nc2
15. Rb1 Bb4 16. Bd3 Na3 17. Ra1 O-O-O 18. Bg5 Rd7 19. Ne4 Nac4 20. Bxc4 Rxd1+
21. Rxd1 Bxc4 22. a3 h6 23. axb4 hxg5 24. Nfxg5 Bb3 25. Rd4 Rd8 26. Rxd8+ Kxd8
27. Nc5 Bd5 28. f4 Nc4 29. e6 f6 30. Nf3 b6 31. Nxa6 Bxe6 32. Nd4 Bc8 33. b5
Nxb2 34. Nb4 Bd7 35. Na2 Nc4 36. Kf2 Ke7 37. Ke2 Kd6 38. Kd3 Kc5 39. Nc3 Nd6
40. Nb3+ Kb4 41. Kc2 Bf5+ 0-1